<?xml version="1.0" encoding="UTF-8"?><marc:collection xmlns:marc="http://www.loc.gov/MARC21/slim">
  <marc:record>
    <marc:leader>00000nam##2200000za#4500</marc:leader>
    <marc:controlfield tag="001">9.648303</marc:controlfield>
    <marc:controlfield tag="003">CaOODSP</marc:controlfield>
    <marc:controlfield tag="005">20241126133837</marc:controlfield>
    <marc:controlfield tag="007">ta</marc:controlfield>
    <marc:controlfield tag="008">150407|2002||||xxc|||||     f|0| 0 eng|d</marc:controlfield>
    <marc:datafield tag="020" ind1=" " ind2=" ">
      <marc:subfield code="a">0-660-18615-2</marc:subfield>
    </marc:datafield>
    <marc:datafield tag="040" ind1=" " ind2=" ">
      <marc:subfield code="a">CaOODSP</marc:subfield>
      <marc:subfield code="b">eng</marc:subfield>
    </marc:datafield>
    <marc:datafield tag="043" ind1=" " ind2=" ">
      <marc:subfield code="a">n-cn---</marc:subfield>
    </marc:datafield>
    <marc:datafield tag="086" ind1="1" ind2=" ">
      <marc:subfield code="a">S2-211/2002E</marc:subfield>
    </marc:datafield>
    <marc:datafield tag="110" ind1="1" ind2=" ">
      <marc:subfield code="a">Canada. </marc:subfield>
      <marc:subfield code="b">Canadian Heritage.</marc:subfield>
    </marc:datafield>
    <marc:datafield tag="245" ind1="1" ind2="0">
      <marc:subfield code="a">Symbols of Canada </marc:subfield>
    </marc:datafield>
    <marc:datafield tag="260" ind1=" " ind2=" ">
      <marc:subfield code="a">Ottawa - Ontario : </marc:subfield>
      <marc:subfield code="b">Canadian Heritage </marc:subfield>
      <marc:subfield code="c">2002.</marc:subfield>
    </marc:datafield>
    <marc:datafield tag="300" ind1=" " ind2=" ">
      <marc:subfield code="a">59p. : </marc:subfield>
      <marc:subfield code="b">coloured illus. ; </marc:subfield>
      <marc:subfield code="c">28 cm. + </marc:subfield>
      <marc:subfield code="e">1 poster.</marc:subfield>
    </marc:datafield>
    <marc:datafield tag="500" ind1=" " ind2=" ">
      <marc:subfield code="a">Did you know that "Canada" comes from the Huron-Iroquois word "Kanata," meaning "village"? How much do you know about the provincial and territorial symbols from the Puffin in Newfoundland to the Yukon Tartan? The revised edition of Symbols of Canada includes new symbols and shares the story of our nation, people, environment and history through our symbols. The people and history which characterize Canada are as diverse as the majestic land itself. While our symbols celebrate our differences, they also unite all Canadians in unity and pride. All symbols are displayed in full colour with explanations regarding their meaning and origin. Some of the national, provincial, and territorial symbols displayed include: National flag, anthems, sports medals, coins, stamps, animals, Provincial and Territorial origin of name, history, coat of arms, motto, flag, floral emblem and other symbols (tartan, tree, bird and others). In addition, Symbols of Canada also features sections detailing Canada and the Crown, the Commonwealth, la Francophonie, Historical Flags and Historical Boundaries. Symbols of Canada is an ideal resource or teaching tool and comes complete with a 61 cm x 80 cm full-colour wall poster, activity suggestions and planning sheets. Fascinating information and a colourful, fun-to-read-format create an educational publication which inspires pride in Canadians both young and old.</marc:subfield>
    </marc:datafield>
    <marc:datafield tag="520" ind1="3" ind2=" ">
      <marc:subfield code="a">This book contains colour illustrations of symbols that reflect the history, people, environment, and traditions of Canada and its provinces and territories, as well as the Crown in Canada. The book provides brief histories for each area, along with maps, statistics, coats of arms, mottos, flags, and other symbols. All the symbols are included in a large, folded poster insert. Includes activities for teachers.</marc:subfield>
    </marc:datafield>
    <marc:datafield tag="563" ind1=" " ind2=" ">
      <marc:subfield code="a">Softcover</marc:subfield>
    </marc:datafield>
    <marc:datafield tag="590" ind1=" " ind2=" ">
      <marc:subfield code="a">02-51</marc:subfield>
      <marc:subfield code="b">2002-12-27</marc:subfield>
    </marc:datafield>
    <marc:datafield tag="690" ind1="0" ind2="7">
      <marc:subfield code="a">National symbols</marc:subfield>
      <marc:subfield code="2">gcpds</marc:subfield>
    </marc:datafield>
    <marc:datafield tag="690" ind1="0" ind2="7">
      <marc:subfield code="a">Flags</marc:subfield>
      <marc:subfield code="2">gcpds</marc:subfield>
    </marc:datafield>
    <marc:datafield tag="775" ind1="0" ind2="8">
      <marc:subfield code="t">Les symboles du Canada </marc:subfield>
      <marc:subfield code="w">(CaOODSP)9.681603</marc:subfield>
    </marc:datafield>
    <marc:datafield tag="776" ind1="0" ind2="#">
      <marc:subfield code="t">Symbols of Canada.</marc:subfield>
      <marc:subfield code="w">(CaOODSP)9.945592</marc:subfield>
    </marc:datafield>
  </marc:record>
</marc:collection>
